Bon Jovi lyrics - Statistics

General Stats
  • This quiz has been taken 500 times
  • The average score is 6 of 16
Answer Stats
Hint Answer % Correct
Woah, we're halfway there/Woah, _____' __ _ ______ livin on a prayer
97%
Shot through the heart, and you're to blame/___ ____ ____ a bad name You give love
96%
I'm a cowboy/On a _____ _____ _ ____/I'm wanted, dead or alive steel horse I ride
64%
Your love is like bad medicine/Bad medicine is ____ _ ____ what I need
63%
You were born to be my baby/And baby I was ____ __ __ ____ ___ made to be your man
41%
I'll be there for you, these five words I swear to you/When you _______, _ _____ __ ___ ___ ___ ___/I'll be there for you breathe I wanna be the air for you
34%
It's my life, and it's now or never/I ain't gonna live forever/I just gotta live _____ _'_ _____ while I'm alive
31%
I'll be there till the stars don't shine/Till the _______ _____ and the words don't rhyme heavens burst
30%
I'm going down in a blaze of glory/Take me now but ____ ___ _____ know the truth
23%
Who says you can't go home/there's only one place they call me ___ __ _____ ___ one of their own
23%
When the _____ ____ __ __ ____, I say/Have a nice day world gets in my face
23%
We weren't born to follow/Come on and get up off your knees/When life is a ______ ____ __ _______ bitter pill to swallow
21%
Ooh, she's a little runaway/_____'_ ____ ______ ____ all those things he couldn't say Daddy's girl learned fast
15%
What do you got if you ___'_ ___ ____/Whatever you got it just ain't enough ain't got love
13%
If you want me to ___ __ _____ __ ___ lay my hands on you
7%
No apology/We will not back down/We are not afraid/___ _ ____ __ _____ Not a drop of doubt
6%
No matching quizzes found
Score Distribution
Percent of People with Each Score
Percentile by Number Answered
Your Score History
You have not taken this quiz